000 00228nam a22000977a 4500
008 160511b xxu||||| |||| 00| 0 eng d
041 _aeng
080 _a61
245 _aTHE AMERICAN JOURNAL OF SURGERY:
_cREVISTA;
942 _2udc
_cBK
999 _c2028
_d2028